00479 2200193 4500001002100000005001500021035002000036008004100056245004600097100001900143250000600162260004600168300001100214084001400225082000800239650001400247990001200261990001200273INLIS00000000000038120240430020358 a0010-0424000357240430 0 ind 1 aPanduan Menulis Laporan /cFarida Puji P. aPuji P, Farida a1 aYogyakarta :bPT. Citra Aji Parama,c2015 a68 hlm a410 FAR p a410 4aNon Fiksi a0728601 a0728602